[Event "ODJM C 2024"]
[Site "Willingen GER"]
[Date "2024.05.25"]
[Round "9"]
[White "Classen, Miguel"]
[Black "Hantke, Karl"]
[Result "0-1"]
[Termination "normal"]
[Board "1"]
[WhiteElo "1519"]
[BlackElo "1555"]
[WhiteClock "01:13:07"]
[BlackClock "00:44:58"]
[PlyCount "152"]
[WhiteFideId "34623825"]
[BlackFideId "34640827"]
[EventCountry "GER"]
[EventRounds "9"]
[EventType "swiss"]
[EventDate "2024.05.18"]

1. d4 {[%clk 01:30:58]} {[%emt 00:00:02]} e6 {[%clk 01:30:26]} {[%emt
00:00:34]} 2. c4 {[%clk 01:31:19]} {[%emt 00:00:08]} Nf6 {[%clk 01:30:36]}
{[%emt 00:00:21]} 3. Nf3 {[%clk 01:31:34]} {[%emt 00:00:15]} b6 {[%clk
01:30:22]} {[%emt 00:00:45]} 4. g3 {[%clk 01:31:56]} {[%emt 00:00:07]} Bb7
{[%clk 01:30:06]} {[%emt 00:00:46]} 5. Bg2 {[%clk 01:32:13]} {[%emt 00:00:12]}
Bb4+ {[%clk 01:28:47]} {[%emt 00:01:50]} 6. Bd2 {[%clk 01:32:28]} {[%emt
00:00:14]} Qe7 {[%clk 01:24:24]} {[%emt 00:04:54]} 7. a3 {[%clk 01:32:21]}
{[%emt 00:00:37]} Bxd2+ {[%clk 01:23:16]} {[%emt 00:01:37]} 8. Nbxd2 {[%clk
01:32:34]} {[%emt 00:00:17]} O-O {[%clk 01:22:52]} {[%emt 00:00:55]} 9. O-O
{[%clk 01:32:53]} {[%emt 00:00:11]} d5 {[%clk 01:22:38]} {[%emt 00:00:44]} 10.
cxd5 {[%clk 01:32:53]} {[%emt 00:00:31]} Nxd5 {[%clk 01:21:29]} {[%emt
00:01:38]} 11. Ne5 {[%clk 01:25:47]} {[%emt 00:07:36]} Nd7 {[%clk 01:18:06]}
{[%emt 00:03:53]} 12. Nd3 {[%clk 01:23:59]} {[%emt 00:02:17]} Rab8 {[%clk
01:15:09]} {[%emt 00:03:28]} 13. Rc1 {[%clk 01:23:26]} {[%emt 00:01:02]} Rfc8
{[%clk 01:10:50]} {[%emt 00:04:49]} 14. e3 {[%clk 01:22:02]} {[%emt 00:01:54]}
Ba6 {[%clk 01:06:06]} {[%emt 00:05:15]} 15. Qc2 {[%clk 01:17:34]} {[%emt
00:04:57]} c5 {[%clk 01:05:29]} {[%emt 00:01:08]} 16. Nc4 {[%clk 01:12:14]}
{[%emt 00:05:50]} cxd4 {[%clk 01:05:24]} {[%emt 00:00:34]} 17. Qa4 {[%clk
01:12:21]} {[%emt 00:00:22]} Bxc4 {[%clk 01:05:17]} {[%emt 00:00:38]} 18. Rxc4
{[%clk 01:12:42]} {[%emt 00:00:09]} dxe3 {[%clk 01:04:36]} {[%emt 00:01:12]}
19. Bxd5 {[%clk 01:12:37]} {[%emt 00:00:35]} exd5 {[%clk 01:04:36]} {[%emt
00:00:30]} 20. Rxc8+ {[%clk 01:12:41]} {[%emt 00:00:26]} Rxc8 {[%clk 01:05:00]}
{[%emt 00:00:05]} 21. Re1 {[%clk 01:12:41]} {[%emt 00:00:30]} exf2+ {[%clk
01:04:54]} {[%emt 00:00:37]} 22. Kxf2 {[%clk 01:12:54]} {[%emt 00:00:16]} Nc5
{[%clk 01:02:26]} {[%emt 00:02:59]} 23. Nxc5 {[%clk 01:11:02]} {[%emt
00:02:22]} Qxc5+ {[%clk 01:02:47]} {[%emt 00:00:09]} 24. Kf3 {[%clk 01:11:25]}
{[%emt 00:00:05]} b5 {[%clk 01:01:10]} {[%emt 00:02:08]} 25. Qa5 {[%clk
01:11:31]} {[%emt 00:00:22]} d4 {[%clk 01:00:27]} {[%emt 00:01:16]} 26. Qd2
{[%clk 01:11:15]} {[%emt 00:00:43]} Qf5+ {[%clk 00:59:52]} {[%emt 00:01:07]}
27. Kg2 {[%clk 01:11:02]} {[%emt 00:00:42]} d3 {[%clk 00:55:35]} {[%emt
00:04:48]} 28. Re3 {[%clk 01:10:47]} {[%emt 00:00:45]} Rd8 {[%clk 00:54:28]}
{[%emt 00:01:37]} 29. h3 {[%clk 01:07:40]} {[%emt 00:03:38]} g6 {[%clk
00:50:53]} {[%emt 00:04:05]} 30. Kh2 {[%clk 01:06:51]} {[%emt 00:01:18]} Qd5
{[%clk 00:47:13]} {[%emt 00:04:10]} 31. h4 {[%clk 01:05:16]} {[%emt 00:02:05]}
Kg7 {[%clk 00:46:30]} {[%emt 00:01:14]} 32. Qc3+ {[%clk 01:04:41]} {[%emt
00:01:04]} Qd4 {[%clk 00:44:16]} {[%emt 00:02:44]} 33. Rxd3 {[%clk 01:03:49]}
{[%emt 00:01:23]} Qxc3 {[%clk 00:44:10]} {[%emt 00:00:36]} 34. Rxc3 {[%clk
01:04:09]} {[%emt 00:00:10]} Rd2+ {[%clk 00:44:34]} {[%emt 00:00:05]} 35. Kh3
{[%clk 01:04:37]} {[%emt 00:00:02]} Rxb2 {[%clk 00:44:55]} {[%emt 00:00:10]}
36. Rc7 {[%clk 01:04:48]} {[%emt 00:00:18]} a5 {[%clk 00:45:14]} {[%emt
00:00:12]} 37. Ra7 {[%clk 01:05:10]} {[%emt 00:00:08]} a4 {[%clk 00:45:38]}
{[%emt 00:00:06]} 38. Ra5 {[%clk 01:05:28]} {[%emt 00:00:12]} Rb3 {[%clk
00:45:34]} {[%emt 00:00:33]} 39. Kg4 {[%clk 01:05:48]} {[%emt 00:00:10]} Kf6
{[%clk 00:44:50]} {[%emt 00:01:14]} 40. Kf4 {[%clk 01:05:26]} {[%emt 00:00:52]}
h6 {[%clk 00:43:23]} {[%emt 00:01:58]} 41. Ra6+ {[%clk 01:05:23]} {[%emt
00:00:32]} Kg7 {[%clk 00:43:27]} {[%emt 00:00:26]} 42. Ra5 {[%clk 01:05:28]}
{[%emt 00:00:26]} h5 {[%clk 00:42:06]} {[%emt 00:01:51]} 43. g4 {[%clk
01:04:20]} {[%emt 00:01:37]} hxg4 {[%clk 00:42:10]} {[%emt 00:00:27]} 44. Kxg4
{[%clk 01:04:39]} {[%emt 00:00:11]} f5+ {[%clk 00:42:33]} {[%emt 00:00:07]} 45.
Kg5 {[%clk 01:04:45]} {[%emt 00:00:24]} Rg3+ {[%clk 00:41:11]} {[%emt
00:01:52]} 46. Kf4 {[%clk 01:05:07]} {[%emt 00:00:07]} Rg4+ {[%clk 00:41:30]}
{[%emt 00:00:12]} 47. Ke5 {[%clk 01:05:27]} {[%emt 00:00:10]} b4 {[%clk
00:39:15]} {[%emt 00:02:45]} 48. Rxa4 {[%clk 01:05:25]} {[%emt 00:00:32]} bxa3
{[%clk 00:37:32]} {[%emt 00:02:13]} 49. Rxa3 {[%clk 01:05:46]} {[%emt
00:00:08]} Re4+ {[%clk 00:37:38]} {[%emt 00:00:25]} 50. Kd5 {[%clk 01:06:04]}
{[%emt 00:00:09]} Rxh4 {[%clk 00:38:01]} {[%emt 00:00:09]} 51. Rg3 {[%clk
01:06:08]} {[%emt 00:00:26]} Rg4 {[%clk 00:36:57]} {[%emt 00:01:35]} 52. Rxg4
{[%clk 01:05:44]} {[%emt 00:00:54]} fxg4 {[%clk 00:37:20]} {[%emt 00:00:07]}
53. Ke4 {[%clk 01:06:07]} {[%emt 00:00:06]} g3 {[%clk 00:37:37]} {[%emt
00:00:13]} 54. Kf3 {[%clk 01:06:30]} {[%emt 00:00:07]} Kf6 {[%clk 00:38:02]}
{[%emt 00:00:06]} 55. Kxg3 {[%clk 01:06:39]} {[%emt 00:00:21]} Kg5 {[%clk
00:38:24]} {[%emt 00:00:07]} 56. Kg2 {[%clk 01:06:37]} {[%emt 00:00:32]} Kg4
{[%clk 00:38:45]} {[%emt 00:00:10]} 57. Kg1 {[%clk 01:06:50]} {[%emt 00:00:16]}
Kg3 {[%clk 00:39:04]} {[%emt 00:00:12]} 58. Kf1 {[%clk 01:07:13]} {[%emt
00:00:06]} Kh2 {[%clk 00:39:09]} {[%emt 00:00:25]} 59. Kf2 {[%clk 01:07:16]}
{[%emt 00:00:28]} g5 {[%clk 00:39:34]} {[%emt 00:00:05]} 60. Kf3 {[%clk
01:07:37]} {[%emt 00:00:08]} Kh3 {[%clk 00:39:56]} {[%emt 00:00:09]} 61. Kf2
{[%clk 01:07:22]} {[%emt 00:00:45]} g4 {[%clk 00:40:08]} {[%emt 00:00:18]} 62.
Kg1 {[%clk 01:07:35]} {[%emt 00:00:16]} Kg3 {[%clk 00:40:31]} {[%emt 00:00:07]}
63. Kf1 {[%clk 01:07:53]} {[%emt 00:00:12]} Kh2 {[%clk 00:40:53]} {[%emt
00:00:08]} 64. Kf2 {[%clk 01:08:19]} {[%emt 00:00:03]} g3+ {[%clk 00:41:19]}
{[%emt 00:00:05]} 65. Kf1 {[%clk 01:08:43]} {[%emt 00:00:06]} g2+ {[%clk
00:41:47]} {[%emt 00:00:03]} 66. Kf2 {[%clk 01:09:10]} {[%emt 00:00:02]} g1=Q+
{[%clk 00:42:11]} {[%emt 00:00:07]} 67. Kf3 {[%clk 01:09:38]} {[%emt 00:00:02]}
Qg3+ {[%clk 00:42:27]} {[%emt 00:00:13]} 68. Ke2 {[%clk 01:10:04]} {[%emt
00:00:04]} Kh3 {[%clk 00:42:44]} {[%emt 00:00:13]} 69. Kd2 {[%clk 01:10:21]}
{[%emt 00:00:14]} Kg4 {[%clk 00:43:09]} {[%emt 00:00:05]} 70. Kc2 {[%clk
01:10:45]} {[%emt 00:00:06]} Qe3 {[%clk 00:43:20]} {[%emt 00:00:19]} 71. Kb2
{[%clk 01:11:08]} {[%emt 00:00:07]} Kf4 {[%clk 00:43:37]} {[%emt 00:00:12]} 72.
Ka1 {[%clk 01:11:30]} {[%emt 00:00:07]} Qd2 {[%clk 00:43:53]} {[%emt 00:00:15]}
73. Kb1 {[%clk 01:11:55]} {[%emt 00:00:05]} Ke3 {[%clk 00:44:16]} {[%emt
00:00:08]} 74. Ka1 {[%clk 01:12:20]} {[%emt 00:00:05]} Kd3 {[%clk 00:44:39]}
{[%emt 00:00:07]} 75. Kb1 {[%clk 01:12:45]} {[%emt 00:00:05]} Kc3 {[%clk
00:45:04]} {[%emt 00:00:04]} 76. Ka1 {[%clk 01:13:07]} {[%emt 00:00:08]} Qb2#
{[%clk 00:44:58]} {[%emt 00:00:05]} 0-1

[Event "ODJM C 2024"]
[Site "Willingen GER"]
[Date "2024.05.25"]
[Round "9"]
[White "Polster, Martha"]
[Black "Fischer, John"]
[Result "0-1"]
[Termination "normal"]
[Board "2"]
[WhiteElo "1281"]
[BlackElo "1614"]
[WhiteClock "00:44:58"]
[BlackClock "01:17:50"]
[PlyCount "68"]
[WhiteFideId "34639845"]
[BlackFideId "16268679"]
[EventCountry "GER"]
[EventRounds "9"]
[EventType "swiss"]
[EventDate "2024.05.18"]

1. e4 {[%clk 01:30:59]} {[%emt 00:00:01]} c5 {[%clk 01:30:27]} {[%emt
00:00:34]} 2. c3 {[%clk 01:31:05]} {[%emt 00:00:23]} e6 {[%clk 01:30:37]}
{[%emt 00:00:20]} 3. d4 {[%clk 01:31:06]} {[%emt 00:00:29]} cxd4 {[%clk
01:30:50]} {[%emt 00:00:16]} 4. cxd4 {[%clk 01:31:20]} {[%emt 00:00:16]} Nc6
{[%clk 01:30:09]} {[%emt 00:01:11]} 5. Nc3 {[%clk 01:30:40]} {[%emt 00:01:11]}
a6 {[%clk 01:30:30]} {[%emt 00:00:09]} 6. Nf3 {[%clk 01:28:12]} {[%emt
00:02:57]} Qc7 {[%clk 01:29:22]} {[%emt 00:01:39]} 7. a3 {[%clk 01:26:59]}
{[%emt 00:01:43]} Nf6 {[%clk 01:27:53]} {[%emt 00:01:59]} 8. Bd3 {[%clk
01:23:31]} {[%emt 00:03:57]} Be7 {[%clk 01:27:18]} {[%emt 00:01:06]} 9. O-O
{[%clk 01:23:10]} {[%emt 00:00:51]} O-O {[%clk 01:27:36]} {[%emt 00:00:12]} 10.
Bg5 {[%clk 01:20:07]} {[%emt 00:03:32]} d6 {[%clk 01:26:21]} {[%emt 00:01:45]}
11. Re1 {[%clk 01:18:26]} {[%emt 00:02:12]} e5 {[%clk 01:26:26]} {[%emt
00:00:25]} 12. d5 {[%clk 01:15:38]} {[%emt 00:03:17]} Nd4 {[%clk 01:26:10]}
{[%emt 00:00:47]} 13. Rc1 {[%clk 01:13:57]} {[%emt 00:02:06]} Nxf3+ {[%clk
01:24:39]} {[%emt 00:02:06]} 14. Qxf3 {[%clk 01:13:36]} {[%emt 00:00:50]} Bg4
{[%clk 01:24:51]} {[%emt 00:00:19]} 15. Qg3 {[%clk 01:12:26]} {[%emt 00:01:27]}
Qd7 {[%clk 01:24:54]} {[%emt 00:00:40]} 16. Bxf6 {[%clk 01:10:02]} {[%emt
00:02:54]} Bxf6 {[%clk 01:25:09]} {[%emt 00:00:14]} 17. f4 {[%clk 01:07:43]}
{[%emt 00:02:50]} exf4 {[%clk 01:24:17]} {[%emt 00:01:22]} 18. Qxf4 {[%clk
01:07:16]} {[%emt 00:00:56]} Bd4+ {[%clk 01:23:57]} {[%emt 00:00:50]} 19. Kh1
{[%clk 01:07:16]} {[%emt 00:00:27]} Be5 {[%clk 01:24:18]} {[%emt 00:00:12]} 20.
Qe3 {[%clk 01:06:55]} {[%emt 00:00:41]} Qe7 {[%clk 01:23:45]} {[%emt 00:01:14]}
21. h3 {[%clk 01:06:19]} {[%emt 00:01:06]} Qh4 {[%clk 01:20:24]} {[%emt
00:03:50]} 22. Ne2 {[%clk 00:58:43]} {[%emt 00:08:05]} Bxe2 {[%clk 01:18:15]}
{[%emt 00:02:40]} 23. Bxe2 {[%clk 00:55:02]} {[%emt 00:04:12]} Bf4 {[%clk
01:18:14]} {[%emt 00:00:31]} 24. Qb3 {[%clk 00:52:55]} {[%emt 00:02:33]} Bxc1
{[%clk 01:18:15]} {[%emt 00:00:33]} 25. Rxc1 {[%clk 00:52:25]} {[%emt
00:01:00]} Qxe4 {[%clk 01:18:01]} {[%emt 00:00:44]} 26. Bf3 {[%clk 00:52:09]}
{[%emt 00:00:44]} Qf4 {[%clk 01:18:21]} {[%emt 00:00:12]} 27. Rc4 {[%clk
00:51:31]} {[%emt 00:01:07]} Qg3 {[%clk 01:17:45]} {[%emt 00:01:06]} 28. Rg4
{[%clk 00:50:17]} {[%emt 00:01:44]} Qe1+ {[%clk 01:18:03]} {[%emt 00:00:13]}
29. Kh2 {[%clk 00:50:34]} {[%emt 00:00:13]} Qe5+ {[%clk 01:17:58]} {[%emt
00:00:33]} 30. Kh1 {[%clk 00:49:47]} {[%emt 00:01:16]} Rac8 {[%clk 01:18:17]}
{[%emt 00:00:13]} 31. Qd3 {[%clk 00:46:47]} {[%emt 00:03:29]} Rc1+ {[%clk
01:18:17]} {[%emt 00:00:31]} 32. Bd1 {[%clk 00:45:45]} {[%emt 00:01:32]} Qe1+
{[%clk 01:18:37]} {[%emt 00:00:11]} 33. Kh2 {[%clk 00:45:50]} {[%emt 00:00:25]}
Rxd1 {[%clk 01:18:42]} {[%emt 00:00:25]} 34. Qc3 {[%clk 00:44:58]} {[%emt
00:01:22]} Qxc3 {[%clk 01:17:50]} {[%emt 00:01:21]} 0-1

[Event "ODJM C 2024"]
[Site "Willingen GER"]
[Date "2024.05.25"]
[Round "9"]
[White "Weibrecht, Theo"]
[Black "Schilay, Vinzenz"]
[Result "0-1"]
[Termination "normal"]
[Board "3"]
[WhiteElo "1596"]
[BlackElo "1143"]
[WhiteClock "00:51:20"]
[BlackClock "01:03:41"]
[PlyCount "78"]
[WhiteFideId "34660240"]
[BlackFideId "12983209"]
[EventCountry "GER"]
[EventRounds "9"]
[EventType "swiss"]
[EventDate "2024.05.18"]

1. e4 {[%clk 01:30:58]} {[%emt 00:00:02]} d5 {[%clk 01:30:55]} {[%emt
00:00:05]} 2. exd5 {[%clk 01:31:21]} {[%emt 00:00:07]} Qxd5 {[%clk 01:31:20]}
{[%emt 00:00:05]} 3. Nc3 {[%clk 01:31:43]} {[%emt 00:00:09]} Qa5 {[%clk
01:31:44]} {[%emt 00:00:06]} 4. d4 {[%clk 01:32:06]} {[%emt 00:00:06]} c6
{[%clk 01:31:56]} {[%emt 00:00:18]} 5. Nf3 {[%clk 01:32:04]} {[%emt 00:00:32]}
Nf6 {[%clk 01:32:11]} {[%emt 00:00:15]} 6. Bc4 {[%clk 01:30:58]} {[%emt
00:01:35]} Bf5 {[%clk 01:32:08]} {[%emt 00:00:35]} 7. h3 {[%clk 01:29:24]}
{[%emt 00:02:03]} h6 {[%clk 01:31:19]} {[%emt 00:01:19]} 8. Bd2 {[%clk
01:25:13]} {[%emt 00:04:41]} Qc7 {[%clk 01:28:29]} {[%emt 00:03:20]} 9. Ne5
{[%clk 01:19:11]} {[%emt 00:06:32]} e6 {[%clk 01:27:54]} {[%emt 00:01:05]} 10.
Bf4 {[%clk 01:18:33]} {[%emt 00:01:08]} Bd6 {[%clk 01:27:59]} {[%emt 00:00:26]}
11. Ne2 {[%clk 01:12:24]} {[%emt 00:06:38]} Nbd7 {[%clk 01:26:27]} {[%emt
00:02:02]} 12. Nxd7 {[%emt 00:00:39]} Qxd7 {[%emt 00:00:22]} 13. Bxd6 {[%clk
01:09:26]} {[%emt 00:02:27]} Qxd6 {[%clk 01:26:30]} {[%emt 00:00:27]} 14. Ng3
{[%clk 01:08:52]} {[%emt 00:01:04]} Qb4+ {[%clk 01:26:45]} {[%emt 00:00:15]}
15. Qd2 {[%clk 01:06:59]} {[%emt 00:02:23]} Qxc4 {[%emt 00:00:37]} 16. c3
{[%clk 01:06:27]} {[%emt 00:01:00]} Bg6 {[%clk 01:24:33]} {[%emt 00:02:37]} 17.
Qf4 {[%clk 01:05:37]} {[%emt 00:01:10]} O-O {[%clk 01:24:04]} {[%emt 00:01:08]}
18. h4 {[%clk 01:04:03]} {[%emt 00:02:05]} Qd5 {[%clk 01:23:57]} {[%emt
00:00:37]} 19. a3 {[%clk 01:03:14]} {[%emt 00:01:19]} Rfe8 {[%clk 01:22:21]}
{[%emt 00:02:05]} 20. O-O {[%clk 01:01:59]} {[%emt 00:01:45]} Qb3 {[%clk
01:21:53]} {[%emt 00:00:59]} 21. Qd2 {[%clk 01:01:18]} {[%emt 00:01:04]} Rad8
{[%clk 01:20:33]} {[%emt 00:01:57]} 22. Rfe1 {[%clk 01:00:44]} {[%emt
00:01:04]} Bc2 {[%clk 01:19:51]} {[%emt 00:01:12]} 23. a4 {[%clk 00:59:57]}
{[%emt 00:01:18]} c5 {[%clk 01:19:50]} {[%emt 00:00:30]} 24. Ra3 {[%clk
01:00:08]} {[%emt 00:00:19]} Qxb2 {[%clk 01:19:54]} {[%emt 00:00:26]} 25. Rea1
{[%clk 00:59:54]} {[%emt 00:00:44]} cxd4 {[%clk 01:17:21]} {[%emt 00:03:04]}
26. Qf4 {[%clk 00:58:00]} {[%emt 00:02:15]} e5 {[%clk 01:15:14]} {[%emt
00:02:45]} 27. Qf3 {[%clk 00:57:36]} {[%emt 00:00:53]} e4 {[%clk 01:13:35]}
{[%emt 00:02:10]} 28. Qe2 {[%clk 00:57:38]} {[%emt 00:00:26]} d3 {[%clk
01:13:18]} {[%emt 00:00:49]} 29. Qd2 {[%clk 00:57:50]} {[%emt 00:00:17]} Nd5
{[%clk 01:13:15]} {[%emt 00:00:34]} 30. c4 {[%clk 00:57:34]} {[%emt 00:00:46]}
Nb6 {[%clk 01:12:20]} {[%emt 00:01:25]} 31. Qf4 {[%clk 00:54:33]} {[%emt
00:03:28]} d2 {[%clk 01:11:59]} {[%emt 00:00:54]} 32. Nh5 {[%clk 00:52:52]}
{[%emt 00:02:11]} d1=Q+ {[%clk 01:10:49]} {[%emt 00:01:40]} 33. Rxd1 {[%clk
00:53:14]} {[%emt 00:00:08]} Rxd1+ {[%clk 01:10:31]} {[%emt 00:00:48]} 34. Kh2
{[%clk 00:53:28]} {[%emt 00:00:15]} Qe5 {[%clk 01:10:42]} {[%emt 00:00:20]} 35.
Nf6+ {[%clk 00:53:08]} {[%emt 00:00:50]} Qxf6 {[%clk 01:08:01]} {[%emt
00:03:10]} 36. Qg4 {[%clk 00:53:16]} {[%emt 00:00:20]} Nxc4 {[%clk 01:06:00]}
{[%emt 00:02:33]} 37. Rg3 {[%clk 00:52:13]} {[%emt 00:01:33]} Ne5 {[%clk
01:04:34]} {[%emt 00:01:56]} 38. Qh3 {[%clk 00:52:03]} {[%emt 00:00:39]} Qxf2
{[%clk 01:04:16]} {[%emt 00:00:50]} 39. a5 {[%clk 00:51:20]} {[%emt 00:01:14]}
Qg1# {[%clk 01:03:41]} {[%emt 00:01:04]} 0-1

[Event "ODJM C 2024"]
[Site "Willingen GER"]
[Date "2024.05.25"]
[Round "9"]
[White "Rose, Elias Bernd"]
[Black "Hellmann, Alexander"]
[Result "1-0"]
[Termination "normal"]
[Board "5"]
[WhiteElo "1292"]
[BlackElo "1524"]
[WhiteClock "01:13:13"]
[BlackClock "00:37:37"]
[PlyCount "49"]
[WhiteFideId "34665730"]
[BlackFideId "34612050"]
[EventCountry "GER"]
[EventRounds "9"]
[EventType "swiss"]
[EventDate "2024.05.18"]

1. e4 {[%clk 01:30:58]} {[%emt 00:00:02]} e5 {[%clk 01:30:55]} {[%emt
00:00:05]} 2. Nf3 {[%clk 01:31:21]} {[%emt 00:00:06]} Nc6 {[%clk 01:31:22]}
{[%emt 00:00:05]} 3. Bc4 {[%clk 01:31:44]} {[%emt 00:00:06]} Bc5 {[%clk
01:31:46]} {[%emt 00:00:06]} 4. c3 {[%clk 01:32:08]} {[%emt 00:00:06]} Nf6
{[%clk 01:32:08]} {[%emt 00:00:08]} 5. d4 {[%clk 01:30:21]} {[%emt 00:02:17]}
exd4 {[%clk 01:32:34]} {[%emt 00:00:04]} 6. cxd4 {[%clk 01:30:38]} {[%emt
00:00:13]} Bb4+ {[%clk 01:32:44]} {[%emt 00:00:20]} 7. Nc3 {[%clk 01:30:58]}
{[%emt 00:00:10]} Nxe4 {[%clk 01:32:39]} {[%emt 00:00:35]} 8. O-O {[%clk
01:31:16]} {[%emt 00:00:12]} Bxc3 {[%clk 01:33:01]} {[%emt 00:00:09]} 9. d5
{[%clk 01:31:35]} {[%emt 00:00:10]} Ne7 {[%clk 01:23:18]} {[%emt 00:10:14]} 10.
bxc3 {[%clk 01:29:18]} {[%emt 00:02:46]} d6 {[%clk 01:15:30]} {[%emt 00:08:18]}
11. Re1 {[%clk 01:22:32]} {[%emt 00:07:09]} Nc5 {[%clk 00:49:51]} {[%emt
00:26:16]} 12. Qe2 {[%clk 01:13:22]} {[%emt 00:09:38]} h6 {[%clk 00:47:51]}
{[%emt 00:02:31]} 13. Nh4 {[%clk 01:12:28]} {[%emt 00:01:23]} O-O {[%clk
00:43:31]} {[%emt 00:04:52]} 14. Qxe7 {[%clk 01:12:37]} {[%emt 00:00:21]} Qxe7
{[%clk 00:42:14]} {[%emt 00:01:48]} 15. Rxe7 {[%clk 01:12:57]} {[%emt
00:00:09]} Bd7 {[%clk 00:39:41]} {[%emt 00:03:04]} 16. Be3 {[%clk 01:12:39]}
{[%emt 00:00:47]} Rfe8 {[%clk 00:39:22]} {[%emt 00:00:49]} 17. Rxe8+ {[%clk
01:12:59]} {[%emt 00:00:11]} Rxe8 {[%clk 00:39:46]} {[%emt 00:00:06]} 18. Bxc5
{[%clk 01:13:20]} {[%emt 00:00:09]} Re4 {[%clk 00:39:53]} {[%emt 00:00:22]} 19.
Bd4 {[%clk 01:12:44]} {[%emt 00:01:06]} Rxh4 {[%clk 00:39:50]} {[%emt
00:00:33]} 20. Re1 {[%clk 01:13:05]} {[%emt 00:00:10]} b5 {[%clk 00:38:59]}
{[%emt 00:01:21]} 21. Bd3 {[%clk 01:12:38]} {[%emt 00:00:56]} b4 {[%clk
00:39:01]} {[%emt 00:00:28]} 22. Re7 {[%clk 01:12:42]} {[%emt 00:00:26]} bxc3
{[%clk 00:37:43]} {[%emt 00:01:48]} 23. Rxd7 {[%clk 01:12:54]} {[%emt
00:00:18]} g6 {[%clk 00:37:13]} {[%emt 00:01:00]} 24. Rd8+ {[%clk 01:13:13]}
{[%emt 00:00:11]} Kh7 {[%clk 00:37:37]} {[%emt 00:00:06]} 25. Rh8# {[%emt
00:00:10]} 1-0